|
|
|
|
| LEADER |
00000naa2a2200000 4500 |
| 001 |
609575 |
| 005 |
20231215155829.0 |
| 035 |
|
|
|a (RuTPU)RU\TPU\conf\7069
|
| 035 |
|
|
|a RU\TPU\conf\7068
|
| 090 |
|
|
|a 609575
|
| 100 |
|
|
|a 20141120d2014 k y0rusy50 ca
|
| 101 |
0 |
|
|a rus
|
| 102 |
|
|
|a RU
|
| 105 |
|
|
|a y z 100zy
|
| 135 |
|
|
|a drgn ---uucaa
|
| 181 |
|
0 |
|a i
|
| 182 |
|
0 |
|a b
|
| 200 |
1 |
|
|a Использование Visual Studio в разработки приложения для удаленного управления компьютером (Network bridge)
|f А. Ю. Комаров, А. А. Хамухин
|g науч. рук. В. А. Дорофеев
|
| 203 |
|
|
|a Текст
|c электронный
|
| 225 |
1 |
|
|a Технологии разработки и проектирования информационных систем
|
| 300 |
|
|
|a Заглавие с титульного листа.
|
| 320 |
|
|
|a [Библиогр.: с. 229 (3 назв.)]
|
| 337 |
|
|
|a Adobe Reader
|
| 463 |
|
1 |
|0 (RuTPU)RU\TPU\conf\6841
|t Технологии Microsoft в теории и практике программирования
|o сборник трудов XI Всероссийской научно-практической конференции студентов, аспирантов и молодых ученых, г.Томск, 23-24 апреля 2014 г.
|f Национальный исследовательский Томский политехнический университет (ТПУ), Институт кибернетики ; ред. кол. А. В. Лиепиньш и др.
|v [С. 227-229]
|d 2014
|
| 610 |
1 |
|
|a электронный ресурс
|
| 610 |
1 |
|
|a труды учёных ТПУ
|
| 610 |
1 |
|
|a Visual Studio
|
| 610 |
1 |
|
|a приложения
|
| 610 |
1 |
|
|a удаленное управление
|
| 610 |
1 |
|
|a управление
|
| 610 |
1 |
|
|a компьютеры
|
| 610 |
1 |
|
|a удаленное администрирование
|
| 610 |
1 |
|
|a рабочие станции
|
| 700 |
|
1 |
|a Комаров
|b А. Ю.
|
| 701 |
|
1 |
|a Хамухин
|b А. А.
|c специалист в области информатики и вычислительной техники
|c доцент Томского политехнического университета, кандидат технических наук
|f 1954-
|g Александр Анатольевич
|3 (RuTPU)RU\TPU\pers\24263
|9 10734
|
| 702 |
|
1 |
|a Дорофеев
|b В. А.
|c специалист в области информатики и вычислительной техники
|c старший преподаватель Томского политехнического университета
|f 1980-
|g Вадим Анатольевич
|4 727
|
| 712 |
0 |
2 |
|a Национальный исследовательский Томский политехнический университет (ТПУ)
|b Институт кибернетики (ИК)
|b Кафедра информатики и проектирования систем (ИПС)
|3 (RuTPU)RU\TPU\col\18697
|
| 801 |
|
2 |
|a RU
|b 63413507
|c 20141120
|g RCR
|
| 856 |
4 |
|
|u http://www.lib.tpu.ru/fulltext/c/2014/C28/088.pdf
|
| 942 |
|
|
|c BK
|